Goosebumps Series Quiz Stats

 Plays Quiz Updated Mar 24, 2020

     
Support Sporcle.
Go Orange.
Score 0/62 Timer 11:00
0 Plays Today
# Title % Correct
3Monster Blood
67.4%
4Say Cheese and Die!
66.9%
7Night of the Living Dummy
61.5%
18Monster Blood II
56.1%
29Monster Blood III
53%
31Night of the Living Dummy II
52.1%
40Night of the Living Dummy III
48.1%
1Welcome to Dead House
43.9%
62Monster Blood IV
43.9%
11The Haunted Mask
43.9%
44Say Cheese and Die Again
39.7%
2Stay Out of the Basement
38.7%
12Be Careful What You Wish For
37.8%
36The Haunted Mask II
35.3%
19Deep Trouble
33.3%
22Ghost Beach
31.8%
30It Came from Beneath the Sink!
31.3%
13Piano Lessons Can Be Murder
30.8%
6Let's Get Invisible!
30.3%
20The Scarecrow Walks at Midnight
30.2%
14The Werewolf of Fever Swamp
30%
10The Ghost Next Door
29.4%
28The Cuckoo Clock of Doom
28.9%
50Calling All Creeps!
28.2%
21Go Eat Worms!
27.7%
17Why I'm Afraid of Bees
27.6%
43The Beast from the East
27.2%
24Phantom of the Auditorium
26.8%
9Welcome to Camp Nightmare
26.3%
27A Night in Terror Tower
26%
58Deep Trouble II
25.9%
# Title % Correct
8The Girl Who Cried Monster
25.1%
25Attack of the Mutant
24.9%
16One Day at Horrorland
24.5%
42Egg Monsters from Mars
24%
41Bad Hare Day
23.9%
39How I Got My Shrunken Head
23.9%
5The Curse of the Mummy's Tomb
23.7%
32The Barking Ghost
23.5%
38The Abominable Snowman of Pasadena
23.5%
35A Shocker on Shock Street
23.5%
15You Can't Scare Me!
23.4%
33The Horror at Camp Jellyjam
23%
49Vampire Breath
22.5%
23Return of the Mummy
22.4%
34The Revenge of the Lawn Gnomes
22.1%
45Ghost Camp
22.1%
52How I Learned to Fly
21.9%
37The Headless Ghost
20.6%
53Chicken Chicken
20%
26My Hairiest Adventure
19.9%
55The Blob That Ate Everyone
19.1%
60Werewolf Skin
18.2%
46How to Kill a Monster
18.1%
54Don't Go to Sleep!
17.3%
57My Best Friend Is Invisible
16.7%
48Attack of the Jack O'Lanterns
16.4%
47Legend of the Lost Legend
16.2%
59The Haunted School
16.2%
51Beware, the Snowman
15.1%
56The Curse of Camp Cold Lake
14.9%
61I Live in Your Basement!
12.8%

From the Vault

Same Named Celebrities by Picture II

by qlh27

We could have sworn some of these celebrities were actually related.
Remove Ads.
Support Sporcle.
Get the best of Sporcle when you Go Orange. This ad-free experience offers more features, more stats, and more fun while also helping to support Sporcle. Thank you for becoming a member.

Show Comments

Extras

Top Quizzes Today


Score Distribution

Your Account Isn't Verified!

In order to create a playlist on Sporcle, you need to verify the email address you used during registration. Go to your Sporcle Settings to finish the process.

Report this User

Report this user for behavior that violates our Community Guidelines.

Details: